000 00928nam a2200289Ia 4500
005 20260324114954.0
008 008 260324s9999 xx 000 0 eng d
020 _a9780367822965
037 _aEBOOK
040 _aCRL
040 _beng
040 _cCRL
041 _2eng
041 _aeng
084 _qCRL
100 _aAkhmad Solikin; Yuniarto Hadiwibowo; Benny Setiawan; Amrie Firmansyah; Hendrati Dwi Mulyaningsih
_91152876
245 0 _aPublic Sector Accountants and Quantum Leap: How Far We Can Survive in Industrial Revolution 4.0?
245 0 _bProceedings of the 1st International Conference on Public Sector Accounting (ICOPSA 2019), October 29-30, 2019, Jakarta, Indonesia
260 _bTaylor and Francis
260 _c2020
365 _a
365 _b640
856 _uhttp://www.taylorfrancis.com/books/9780367822965
942 _cEBOOK
999 _c1743394
_d1743394